000 00391nam a2200169Ia 4500
100 _aBuyya/Raj kumar/ James Broberg
650 _aCloud computing
942 _cBK
366 _f27
654 _acloud computing
245 _aCloud computing:Principles and paradigms
260 _bWiley
_c2011
082 _a4.65
_bBUY
300 _a637
546 _aENGLISH
_celectronics
999 _c21752
_d21752